Manual avanzado de Microsoft Access 2000

Uloženo v:
Podrobná bibliografie
Hlavní autor: Gazo Cervero, Alfonso (autor)
Médium: Kniha
Jazyk:španělština
Vydáno: Madrid, España Anaya Multimedia 1999
Témata:
Tagy: Přidat tag
Žádné tagy, Buďte první, kdo vytvoří štítek k tomuto záznamu!

MARC

LEADER 00000nam a2200000 a 4500
001 UCN4924
003 CL-VaPUC
005 20240112152401.0
008 010817e19990000SP |||||||||||||||||spa|d
999 |c 296767  |d 296765 
040 |c Pontificia Universidad Católica de Valparaíso 
082 0 4 |a 005.369 GAZ 1999  |2 21 
100 0 |a Gazo Cervero, Alfonso  |e autor  |9 461064 
245 1 0 |a Manual avanzado de Microsoft Access 2000 
260 0 3 |a Madrid, España  |b Anaya Multimedia  |c 1999 
300 |a 414 páginas 
500 |a Incluye cd 
583 |a last modification  |c 20010817 00:00:00  |k Rodrigo Vera 
650 0 |a Programas de computadores   |9 260046 
650 0 |a Access 2000  |9 444501 
650 0 |a Bases de datos   |9 260577 
650 0 |a Software  |9 387312 
942 |c BK  |2 ddc 
945 |d 20010817 00:00:00  |a vberengu 
952 |0 0  |1 0  |2 ddc  |4 0  |6 005_369000000000000_GAZ_1999  |7 0  |8 A  |9 350935  |a BIBHIS  |b BIBHIS  |d 2019-11-20  |i 3744612  |o 005.369 GAZ 1999  |p 3744612  |r 2025-01-20  |t 1  |w 2019-11-20  |y BK  |k HIS